000 00613nam a22002297a 4500
003 UA-OsUOA
001 86866
007 ta
008 20120912b un ||||| |||| 00| 0 ukr d
100 _aЧерепанов А. И.
090 _a94(510)
_bЧ-46
942 _cBK
040 _aUA-OsUOA
_brus
_cUA-OsUOA
_dUA-OsUOA
245 _aЗаписки военного советника в Китае
300 _a648 с.
955 _a4
041 _arus
080 _a94(510)
260 _aМ.
_bНаука
_c1976
650 7 _a9 Географія. Біографії. Історія
_2UDC
999 _c373035
_d373035